Atlas du développement durable : Un monde en transition (notice n° 2164707)
[ vue normale ]
| 000 -LEADER | |
|---|---|
| fixed length control field | 01477cam a2200145 4500500 |
| 005 - DATE AND TIME OF LATEST TRANSACTION | |
| control field | 20260405040748.0 |
| 041 ## - LANGUAGE CODE | |
| Language code of text/sound track or separate title | fre |
| 042 ## - AUTHENTICATION CODE | |
| Authentication code | dc |
| 100 10 - MAIN ENTRY--PERSONAL NAME | |
| Personal name | Veyret, Yvette |
| Relator term | author |
| 245 00 - TITLE STATEMENT | |
| Title | Atlas du développement durable : Un monde en transition |
| 260 ## - PUBLICATION, DISTRIBUTION, ETC. | |
| Name of publisher, distributor, etc. | Autrement,<br/> |
| Date of publication, distribution, etc. | 2022.<br/> |
| 520 ## - SUMMARY, ETC. | |
| Summary, etc. | Le développement durable est une notion complexe, qui considère l’environnement dans son sens large : ressources, biodiversité, alimentation, santé, risques naturels et technologiques, gestion des déchets… Quels sont les objectifs à atteindre et les réponses apportées pour réussir la transition ? • Le point sur l’état du monde et ses inégalités : population, ressources, santé, biodiversité, risques, migrations… • La multiplication des réponses globales : conférences internationales, législation, adaptation au changement climatique, tourisme durable, commerce équitable… • L’inventivité des réponses locales : s’appuyant sur l’exemple français, l’atlas illustre les différentes échelles d’intégration des politiques environnementales dans la gestion de l’aménagement du territoire. Riche de plus de 100 cartes et documents mis à jour, l’atlas propose un éclairage sur la mise en œuvre d’un développement plus « durable » pour la planète. |
| 700 10 - ADDED ENTRY--PERSONAL NAME | |
| Personal name | Arnould, Paul |
| Relator term | author |
| 856 41 - ELECTRONIC LOCATION AND ACCESS | |
| Uniform Resource Identifier | <a href="https://shs.cairn.info/atlas-du-developpement-durable--9782746763029?lang=fr&redirect-ssocas=7080">https://shs.cairn.info/atlas-du-developpement-durable--9782746763029?lang=fr&redirect-ssocas=7080</a> |
Pas d'exemplaire disponible.




Réseaux sociaux